Văn hóa ẩm thực thành phố Hồ Chí Minh với việc quảng bá du lịch cho khách nước ngoài

Guardat en:
Dades bibliogràfiques
Autor principal: Cao, Phương Thảo
Format: Llibre
Idioma:Undetermined
Matèries:
Accés en línia:http://lrc.tdmu.edu.vn/opac/search/detail.asp?aID=2&ID=25732
Etiquetes: Afegir etiqueta
Sense etiquetes, Sigues el primer a etiquetar aquest registre!
Thư viện lưu trữ: Trung tâm Học liệu Trường Đại học Thủ Dầu Một
LEADER 00684nam a2200145Ia 4500
001 TDMU_25732
008 210410s9999 xx 000 0 und d
082 |a 394.1 
100 |a Cao, Phương Thảo 
245 0 |a Văn hóa ẩm thực thành phố Hồ Chí Minh với việc quảng bá du lịch cho khách nước ngoài 
245 0 |c Cao Phương Thảo 
300 |a Tr.45-48 
650 |a Văn hóa và du lịch; Văn hóa ẩm thực; Ẩm thực; Quảng bá du lịch; Khách nước ngoài 
856 |u http://lrc.tdmu.edu.vn/opac/search/detail.asp?aID=2&ID=25732 
980 |a Trung tâm Học liệu Trường Đại học Thủ Dầu Một